Principles of electromechanical-energy conversion (Record no. 23169)

000 -LEADER
fixed length control field 00596nam a22002051 4500
001 - CONTROL NUMBER
control field 23169
003 - CONTROL NUMBER IDENTIFIER
control field BD-DhUET
008 - FIXED-LENGTH DATA ELEMENTS--GENERAL INFORMATION
fixed length control field 730301s1966 xx 000 0 eng
040 ## - CATALOGING SOURCE
Original cataloging agency DLC
Transcribing agency DLC
Modifying agency BD-DhUET
082 ## - DEWEY DECIMAL CLASSIFICATION NUMBER
Classification number 623.13
Item number MEI/1966
100 ## - MAIN ENTRY--PERSONAL NAME
Personal name Meisel, Jerome
245 10 - TITLE STATEMENT
Title Principles of electromechanical-energy conversion
250 ## - EDITION STATEMENT
Edition statement 1st ed.
260 ## - PUBLICATION, DISTRIBUTION, ETC. (IMPRINT)
Place of publication, distribution, etc. New York
Name of publisher, distributor, etc. McGraw-Hill
Date of publication, distribution, etc. 1966
300 ## - PHYSICAL DESCRIPTION
Extent xvii, 639p.
Other physical details ill.
490 ## - SERIES STATEMENT
Series statement McGraw-Hill electrical and electronic engineering series
504 ## - BIBLIOGRAPHY, ETC. NOTE
Bibliography, etc Includes bibliographies
650 #0 - SUBJECT ADDED ENTRY--TOPICAL TERM
Topical term or geographic name as entry element Mechinery: Electrical engineering
942 ## - ADDED ENTRY ELEMENTS (KOHA)
Koha item type General Book
Holdings
Koha item type Copy number Date acquired Damaged status Source of classification or shelving scheme Price effective from Piece designation (barcode) Lost status Withdrawn status Sublocation or collection (holding branch) Location (home branch) Not for loan Shelving location Koha date last seen Koha full call number Koha normalized classification for sorting
General Book12015-05-03  2015-05-0311878  Central Library, BUETCentral Library, BUET Circulation section2015-05-03623.13/MEI/1968623_130000000000000_MEI_1968
General Book22015-05-03  2015-05-0311877  Central Library, BUETCentral Library, BUET Circulation section2015-05-03623.13/MEI/1966623_130000000000000_MEI_1966
General Book32015-05-03  2015-05-0311875  Central Library, BUETCentral Library, BUET Circulation section2015-05-03623.13/MEI/1966623_130000000000000_MEI_1966
General Book42015-05-03  2015-05-0311438  Central Library, BUETCentral Library, BUET Circulation section2015-05-03623.13/MEI/1966623_130000000000000_MEI_1966
General Book52015-05-03  2015-05-0311876  Central Library, BUETCentral Library, BUET Circulation section2015-05-03623.13/MEI/1966623_130000000000000_MEI_1966
General Book62015-05-03  2015-05-0311437  Central Library, BUETCentral Library, BUET Circulation section2015-05-03623.13/MEI/1966623_130000000000000_MEI_1966
General Book72015-05-03  2015-05-0311879  Central Library, BUETCentral Library, BUET Circulation section2015-05-03623.13/MEI/1966623_130000000000000_MEI_1966
General Book82015-05-03  2015-05-0384929  Central Library, BUETCentral Library, BUET Circulation section2015-05-03623.13/MEI/1966623_130000000000000_MEI_1966
General Book92015-05-07  2015-05-0715539  Central Library, BUETCentral Library, BUET Circulation section2015-05-07623.13/MEI/1966623_130000000000000_MEI_1966
General Book102015-07-12  2015-07-1239251  Central Library, BUETCentral Library, BUET Circulation section2015-07-12623.13/MEI/1966623_130000000000000_MEI_1966